| 000 | 00659nam a2200229Ia 4500 | ||
|---|---|---|---|
| 003 | OSt | ||
| 005 | 20220928103641.0 | ||
| 006 | a|||||r|||| 00| 0 | ||
| 007 | ta | ||
| 008 | 220927b |||||||| |||| 00| 0 eng d | ||
| 024 | _a41809 | ||
| 037 | _cTextual | ||
| 040 |
_aSDCL _cSDCL _beng |
||
| 041 |
_2eng _aeng |
||
| 082 | _aO152,1I83:g, M4 | ||
| 100 |
_aLodha Kalyaanmal Ed. _9406238 |
||
| 245 | 0 |
_aPragyaachakshu soordas _bAntaraashtriya vaataayan se. |
|
| 260 |
_aNew Delhi _bNational Publishing House _c1984 |
||
| 300 |
_a234p. _ccm. |
||
| 942 |
_hO152,1I83:g, M4 _cTEXL _2CC |
||
| 999 |
_c721807 _d721807 |
||